Statystyki dla Wiedźmin - wymień wszystkie szkoły wiedźminskie

Kliknij tutaj aby rozwiązać quiz!

Ogólne statystyki

  • Ten quiz został rozwiązany 145 razy
  • Średni wynik to 5 z 6

Statystyki odpowiedzi

Szkoła% Poprawnych
Kota
99%
Wilka
99%
Niedźwiedzia
93%
Gryfa
90%
Mantikory
67%
Żmii
67%

Rozkład punktacji

Percentyl według liczby udzielonych odpowiedzi

Procent ludzi z każdym wynikiem

Twoja historia wyników

Nie rozwiązałeś tego quizu